| 000 | 00545nam a2200205Ia 4500 | ||
|---|---|---|---|
| 008 | 160819s9999 xx 000 0 und d | ||
| 020 | _a978-1-85626-630-7 | ||
| 050 | _aCUL TX 723.5 | ||
| 050 | _b.S7B88 2006 | ||
| 100 | _aButcher, Nicholas. | ||
| 245 | 4 | _aThe Festive food of Spain / | |
| 245 | _cNicholas Butcher; photography by Will Heap. | ||
| 260 | _aLondon : | ||
| 260 | _bKyle Cathie Limited, | ||
| 260 | _c2006 | ||
| 300 | _a90 pages ; | ||
| 300 | _bcolor illustrations ; | ||
| 300 | _c21 cm. | ||
| 650 | _aCooking, Spanish. | ||
| 999 |
_c300693 _d300693 |
||